00674 2200193 4500001002100000005001500021035002000036007000300056008003900059082001800098084002400116100002200140245018200162260004100344300004200385650001100427650002900438022001300467INLIS00000000000107320241024090343 a0010-1024000043ta241024 | | |  a636.089-636.2 a636.089-636.2 MAR e0 aMarnie L. Brennan1 aExploring Attitudes and Beliefs towards Implementing Cattle Disease Prevention and Control Measures: A Qualitative Study with Dairy Farmers in Great Britain /cMarnie L. Brennan aSwitzerland, Basel :bMDPI AG,c2016 a1-16 hlm, :bilus, ;c21 cm X 29,5 cm 4aJurnal 4aPencegahan Penyakit Sapi a20762615